Wird geladen...

Computer Hardware Kit: Information technology/

Bibliographische Detailangaben
Hauptverfasser: Simon Plakkal, Nelby Joseph
Format: Printed Book
Veröffentlicht: Aluva: Pen Books, 1999.
Schlagworte:
LEADER 00511nam a22001457a 4500
999 |c 144742  |d 144742 
082 |a M 004  |b SIM/C 
100 |a Simon Plakkal 
100 |a Nelby Joseph 
245 |a Computer Hardware Kit:  |b Information technology/  |c by Simon Plakkal and Nelby Joseph 
260 |a Aluva:  |b Pen Books,  |c 1999. 
300 |a 55p. 
650 |a Computer Science 
942 |c BK 
952 |0 0  |1 0  |4 0  |6 M_004_000000000000000_SIM_C  |7 0  |9 102610  |a SSUS  |b SSUS  |c STACKS  |d 2020-06-08  |g 35.00  |o M 004 SIM/C  |p 099574  |r 2020-06-08  |w 2020-06-08  |y BK